1074 1532 1761 1786 1703 1456 1967 1820 1919 1320 1885 1545 1022 1423 1166 1079 1194 1908 1728 1288 1452 1315 1963 1615 1062 1916 1010 1678 1750 1530 1457 1157 1220 1607 1757 1379 1640 1627 1830 1483 1176 1840 1859 1219 1620 1526 1358 1729 1748 1527 1231 1715 1601 1473 1584 1323 1354 1947 1681 1822 1915 1377 1030 1852 1442 1284 1284 1544 1339 1315 1973 1683 1801 1540 1796 1782 1709 1983 1266 1518 1212 1382 1800 1382 1944 1062 1335 1242 1375 1617 1143 1881 1559 1592 1698 1534 1913 1407 1842 BCNSPRNW ULIB Ver.6.0+V

เปลี่ยนเป็นภาษาไทย

Change to English
 แสดงรายละเอียดบรรณานุกรม
  กลับหน้าหลัก

Brief Record : Get Marc (ISO 2709) : E-mail record : QR code < ปิดหน้าต่าง
LEADER : 00000nam 2200000uu 4500
001    13399125077
003     ULIB
008    160610s2558||||th 000 0 tha d
020    ^a9786163825131
060  4 ^aWS120^bส814ค
100    ^aสุนทรี รัตนชูเอก
245    ^aคู่มือการดูแลผู้ป่วยเด็กทางโภชนาการ^b= Pediatric Nutrition Handbook./^cสุนทรี รัตนชูเอก
246 0  ^aPediatric Nutrition Handbook.
250    ^aพิมพ์ครั้งที่ 4
260    ^aเชียงใหม่ :^bกลุ่มงานกุมารเวชศาสตร์ สถาบันสุขภาพเด็กแห่งชาติมหาราชินี,^c2558
300    ^a259 หน้า;^b21 ซม.
505 0  ^a^tสารอาหาร(Nutrients) ...^tเกณฑ์อ้างอิงการบริโภคอาหาร (Dietary reference intakes) ...^tความต้องการสารอาหาร (Nutrient requirement) ...^tข้อแนะนำในการบริโภคอาหาร (Feeding recommendations) ...^tการประเมินทางโภชนาการ (Nutrional assesment) ...^tภาวะทุโภชนาการในผู้ป่วยเด็ก (Malnutrition in pediatric patients) ...^tโภชนบำบัดในผู้ป่วยเด็ก (Nutritional support in pediatric patients) ...^tการให้อาหารในระบบทางเดินอาหาร (Enteral nutrition) ...^tการให้สารอาหารทางหลอดเลือดดำ (Parenteral nutrition
650    ^aกุมารเวชศาสตร์
650    ^aโภชนาการเด็ก
650  0 ^aเด็ก^zไทย^xโภชนาการ
945    ^p0^l0^i001276
945    ^p0^l0^i001277
945    ^p0^l0^i001278
945    ^p0^l0^i001279
945    ^p0^l0^i001280
999    ^aเกษร โพธิ์สุวรรณ
รายการนี้ยังไม่มีแท็ก
คุณยังไม่ได้ล็อกอิน คุณสามารถมีกิจกรรมร่วมกับเว็บไซต์ได้ แต่ต้องล็อกอินก่อน ::
  ล็อกอิน

รายการสื่อสารสนเทศ

ลำดับที่ ประเภท เลขเรียก/บาร์โค้ด สถานที่ สถานะ
1. วิทยาศาสตร์การแพทย์ และสุขภาพ
วิทยาศาสตร์การแพทย์ และสุขภาพ
สถานะ=หนังสือเก่า
WS120 ส814ค ฉ.1 
  Barcode: 001276
ห้องสมุดวิทยาเขตสวรรค์ประชารักษ์
►ส่วนจัดเก็บหนังสือเก่า สปร
บนชั้น
  ขอยืม
2. วิทยาศาสตร์การแพทย์ และสุขภาพ
วิทยาศาสตร์การแพทย์ และสุขภาพ
สถานะ=หนังสือเก่า
WS120 ส814ค ฉ.2 
  Barcode: 001277
ห้องสมุดวิทยาเขตสวรรค์ประชารักษ์
►ส่วนจัดเก็บหนังสือเก่า สปร
บนชั้น
  ขอยืม
3. วิทยาศาสตร์การแพทย์ และสุขภาพ
วิทยาศาสตร์การแพทย์ และสุขภาพ
สถานะ=หนังสือเก่า
WS120 ส814ค ฉ.3 
  Barcode: 001278
ห้องสมุดวิทยาเขตสวรรค์ประชารักษ์
►ส่วนจัดเก็บหนังสือเก่า สปร
บนชั้น
  ขอยืม
4. วิทยาศาสตร์การแพทย์ และสุขภาพ
วิทยาศาสตร์การแพทย์ และสุขภาพ
สถานะ=หนังสือเก่า
WS120 ส814ค ฉ.4 
  Barcode: 001279
ห้องสมุดวิทยาเขตสวรรค์ประชารักษ์
►ส่วนจัดเก็บหนังสือเก่า สปร
บนชั้น
  ขอยืม
5. วิทยาศาสตร์การแพทย์ และสุขภาพ
วิทยาศาสตร์การแพทย์ และสุขภาพ
สถานะ=หนังสือเก่า
WS120 ส814ค ฉ.5 
  Barcode: 001280
ห้องสมุดวิทยาเขตสวรรค์ประชารักษ์
►ส่วนจัดเก็บหนังสือเก่า สปร
บนชั้น
  ขอยืม

รายการใกล้เคียง
    ผู้แต่ง [สุนทรี รัตนชูเอก]

    หัวเรื่อง [กุมารเวชศาสตร์]
    หัวเรื่อง [โภชนาการเด็ก]

BibComment


ยังไม่เคยถูกคอมเมนท์

คอมเมนท์ทรัพยากรรายการนี้
  คอมเมนท์: คู่มือการดูแลผู้..


 Copyright 2026. Bcnsprnw @Library